000 01699cam a2200457 i 4500
001 18447016
003 BJBSDDR
005 20260423124152.0
007 ta
008 150113s2020 enk 000 1 eng
010 _a 2014434738
020 _a9781398805088 (case)
020 _a9781788884082 (t.1)
020 _a9789951758871 (t.2)
020 _a9781785996115 (t.3)
020 _a9781785999277 (t.4)
020 _a9781789500875 (t.5)
035 _a18447016
040 _aDLC
_beng
_cDLC
_erda
_dDLC
041 _aeng
042 _apcc
050 0 0 _aPR4621
_bD754s 2009
100 1 _aDoyle, Arthur Conan,
_d1859-1930
_97032
240 1 0 _aWorks.
_kSelections
245 1 0 _aSherlock Holmes :
_bhis greatest cases /
_cArthur Conan Doyle.
264 1 _aLondon :
_bArcturus Publishing,
_c2020
300 _a5 tomos ;
_c20 cm
336 _atext
_btxt
_2rdacontent
337 _aunmediated
_bn
_2rdamedia
338 _avolume
_bnc
_2rdacarrier
505 _at.1 : A study in Scarlet & the sign of four. -- t.2 : The adventures of Sherlock Holmes. -- t.3 : The memoirs of Sherlock Holmes. -- t.4 : The return of Sherlock Holmes. -- t.5 : His last bow : some reminiscences of Sherlock Holmes.
600 1 0 _aHolmes, Sherlock
_vFiction.
650 0 _aWatson, John H. (Fictitious character)
_vFiction.
650 0 _aDetective and mystery stories, English.
655 7 _aFiction.
_2lcgft
_0https://id.loc.gov/authorities/genreForms/gf2014026339
906 _a7
_bcbc
_corigres
_d2
_encip
_f20
_gy-gencatlg
942 _2lcc
_n0
_cBK
946 _icmc
999 _c126903
_d126903